| 000 | 00463nam a2200169Ia 4500 | ||
|---|---|---|---|
| 008 | 230711s9999||||xx |||||||||||||| ||und|| | ||
| 020 | _a978-93-81269-22-0 | ||
| 041 | _aENG | ||
| 082 |
_a4 _bHE-C |
||
| 100 | _aHennessy,John L | ||
| 245 | 0 | _aComputer Architecture: A Quantitative Approach | |
| 250 | _a5th . . Ed. | ||
| 260 |
_c2015 _aBurlington _bMorgan Kaufmann Publishers Inc. |
||
| 650 | _aComputer Engineering | ||
| 700 | _aPatterson,David A | ||
| 942 | _cBK | ||
| 999 |
_c3740 _d3740 |
||